000 01232nam a2200229Ia 4500
001 L200-53772
003 IT-CnALBA
008 170116s9999||||xx |||||||||||||| ||und||
040 _aIT-CnALBA
_cIT-CnALBA
041 _aITALIANO
100 _aMAGRASSI MARIANO, OSB., VESCOVO DI BARI.
245 0 _aLITURGIA. CHIESA IN PREGHIERA.
250 _a1a ed.
260 _a BARI, ROMA
_bECUMENICA EDITRICE
_c1992 [1° Ed.:1992 - Ed.Ling.Originale: 1992]
300 _a80 p.
500 _aDOCUEMNTI DELLA CHIESA, BARI. INTRODUZIONE. ASSEMBLEA, SOGGETTO DI CELEBRAZIONE. PRINCIPI. FEDE RITO E VITA. ORIENTAMENTO E NORME. ANNO LITURGICO, ITINERARIO DI FEDE. UNITÀ DEL MAGISTERO E PLURALITÀ DI CELEBRAZIONI. ANNO LITURGICO. LITURGIA E RELIGIOSITÀ
501 _aSocietà San Paolo EM - Piazza San Paolo, 14 - 12051 ALBA (CN) (non commercial uses only) ® Copyright 2017
520 _aDOCUEMNTI DELLA CHIESA, BARI. INTRODUZIONE. ASSEMBLEA, SOGGETTO DI CELEBRAZIONE. PRINCIPI. FEDE RITO E VITA. ORIENTAMENTO E NORME. ANNO LITURGICO, ITINERARIO DI FEDE. UNITÀ DEL MAGISTERO E PLURALITÀ DI CELEBRAZIONI. ANNO LITURGICO. LITURGIA E RELIGIOSITÀ
650 _aRELIGIONE - RELIGIONE CRISTIANA
942 _cBK
957 _71
999 _a71262
_bNO
_g Copie: 1
_c312647
_d312647